000
00285nam a22001217a 4500
008
181224b xxu||||| |||| 00| 0 eng d
041
_a
eng
080
_a
710
100
_a
45
101
_a
ART
245
_a
The effective Teaching Of Language Arts
_c
Donna.E.N
942
_2
udc
_c
BK
999
_c
53726
_d
53726